书目信息 |
| 题名: |
琵琶曲选
|
|
| 作者: | ;中国音乐家协会 编 | |
| 分册: | ||
| 出版信息: | 北京 人民音乐出版社 1982.6 |
|
| 页数: | 75页 | |
| 开本: | 26cm | |
| 丛书名: | ||
| 单 册: | ||
| 中图分类: | J648.33 | |
| 科图分类: | ||
| 主题词: | 音乐--作品--中国 | |
| 电子资源: | ||
| ISBN: | ||
| 000 | 00541nam0 2200193 45 | |
| 001 | 0312221749 | |
| 005 | 20040512165538.2 | |
| 010 | @dCNY0.65 | |
| 100 | @a20031222d1982 km y0chiy0120 ea | |
| 101 | @achi | |
| 105 | @a z 000yy | |
| 200 | 1 | @a琵琶曲选@APi Pa Qu Xuan@f中国音乐家协会编@FZhong Guo Yin Yue Jia Xie Hui Bian |
| 210 | @a北京@c人民音乐出版社@d1982.6 | |
| 215 | @a75页@d26cm | |
| 606 | 0 | @a音乐@x作品@x中国 |
| 690 | @aJ648.33@v3 | |
| 711 | 02 | @a中国音乐家协会@4编 |
| 801 | @aCN@bTSTCL@c20031222 | |
| 905 | @dJ648.33@e36@f1@b207891 | |
| 琵琶曲选/中国音乐家协会编.-北京:人民音乐出版社,1982.6 |
| 75页;26cm |
| ISBN :CNY0.65 |
| ● |
| 相关链接 |
|
|
|
|
正题名:琵琶曲选
索取号:J648.33/36
 
预约/预借
| 序号 | 登录号 | 条形码 | 馆藏地/架位号 | 状态 | 备注 |
| 1 | 0207891 | 001203584 | 密集书库/ [索取号:J648.33/36] | 在馆 | |
| 2 | 0207892 | 001203600 | 第一借阅区/ [索取号:J648.33/36] | 在馆 | |
| 3 | 0207893 | 001203557 | 第一样本阅览室/ [索取号:J648.33/36] | 在馆 |